000 01174nam a22002897a 4500
999 _c6422
_d6422
005 20251125232807.0
008 s2536 th tha d
020 _a9744200456
040 _aNALT
041 _atha
050 _aDS578.3
_bจ667ล 2536
100 0 _aจุลลดา ภักดีภูมินทร์
245 1 0 _aเลาะวัง 4
260 3 _aกรุงเทพฯ :
_bโชคชัยเทเวศร์,
_c2536
300 _a415 หน้า :
_b .ภาพประกอบ ;
_c 21ซม.
650 0 4 _aธงชาติไทย
650 0 4 _aราชสกุล
650 0 4 _aราชสำนักและข้าราชสำนัก
650 0 4 _aราชินี
650 0 4 _aวังพญาไท
650 0 4 _aวัดเบญจมบพิตร
650 0 4 _aเจ้าจอมมารดา
650 0 4 _aไทย -- ประวัติศาสตร์ -- กรุงรัตนโกสินทร์ -- รัชกาลที่ 1--รัชกาลที่ 6
850 _aNALT
856 4 0 _uhttps://hdl.handle.net/20.500.14156/401625
_71
942 _cGB
_2lcc